000 01091nam a22002657a 4500
003 OSt
005 20191029062659.0
008 180226b xxu||||| |||| 00| 0 spa d
020 _a9505273312
040 _cPJ
245 1 0 _aRecurso extraordinario /
_ccolaboración de Juan C. Poclava y Jorge Cogan.
260 _aBuenos Aires :
_bLa Ley,
_c2000.
300 _a536 p.
_c25 cm.
490 _aManuales de Jurisprudencia
_v13
504 _a
505 _aContenido: Recursos de admisibilidad -- Sentencia arbitraria. Bibliografía modelos.
650 0 _91148
_aDERECHO PROCESAL
650 0 _9178
_aDERECHO CONSTITUCIONAL
650 0 _92102
_aRECURSO DE QUEJA (PROCESAL)
650 0 _92044
_aRECURSO EXTRAORDINARIO
650 0 _92042
_aSENTENCIA ARBITRARIA
700 _aPoclava Lafuente, Juan C.
_ecolaborador
_92115
700 _92116
_aCogan Mori, Jorge
_ecolaborador
942 _2udc
_cLIB
_h347.957
_iLEY
999 _c1413
_d1413